00612 2200193 4500001002100000005001700021008004100038020002300079035002900102090001700131100000600148245010300154250001000257260003600267300002000303650001300323700001800336990006400354INLIS00000000002524620151223093453.0  a978-602-17535-55-2 a##a0010-121500000000742 a155.25 Red s a- aStrategi Jitu Taklukan PsikotesbBerisi Ragam Soal Psikotes yang Telah Teruji dan Kunci Jawabannya aCet 1 aYogjakartabInfra Pustakac2013 a208 hlm ; 23 cm aPsikotes aRedaksi Infra a36442/Pusdacil/2015,36443/Pusdacil/2015,36444/Pusdacil/2015